<?xml version="1.0" encoding="UTF-8"?><?xml-stylesheet type="text/xsl" href="static/style.xsl"?><OAI-PMH xmlns="http://www.openarchives.org/OAI/2.0/" xmlns:xsi="http://www.w3.org/2001/XMLSchema-instance" xsi:schemaLocation="http://www.openarchives.org/OAI/2.0/ http://www.openarchives.org/OAI/2.0/OAI-PMH.xsd"><responseDate>2026-06-01T02:06:23Z</responseDate><request verb="GetRecord" identifier="oai:riuma.uma.es:10630/35392" metadataPrefix="marc">https://riuma.uma.es/rest/oai/request</request><GetRecord><record><header><identifier>oai:riuma.uma.es:10630/35392</identifier><datestamp>2026-02-03T11:39:07Z</datestamp><setSpec>com_10630_2254</setSpec><setSpec>col_10630_37956</setSpec></header><metadata><record xmlns="http://www.loc.gov/MARC21/slim" xmlns:dcterms="http://purl.org/dc/terms/" xmlns:doc="http://www.lyncode.com/xoai" xmlns:xsi="http://www.w3.org/2001/XMLSchema-instance" xsi:schemaLocation="http://www.loc.gov/MARC21/slim http://www.loc.gov/standards/marcxml/schema/MARC21slim.xsd">
   <leader>00925njm 22002777a 4500</leader>
   <datafield ind2=" " ind1=" " tag="042">
      <subfield code="a">dc</subfield>
   </datafield>
   <datafield ind2=" " ind1=" " tag="720">
      <subfield code="a">Roldán-Báez, Antonio Manuel</subfield>
      <subfield code="e">author</subfield>
   </datafield>
   <datafield ind2=" " ind1=" " tag="260">
      <subfield code="c">2023-05-31</subfield>
   </datafield>
   <datafield ind2=" " ind1=" " tag="520">
      <subfield code="a">Las políticas de austeridad fiscal aplicadas en la eurozona a partir de 2010 frente a la Gran Recesión fracasaron desde la óptica del empleo, del bienestar y de la cohesión social, al asentar un patrón de crecimiento lento e inestable. Pero lograron salvaguardar el bienestar de la clase dominante, al facilitar la concentración de la riqueza en esa élite.&#xd;
Pese a las numerosas manifestaciones de rechazo popular frente a esas políticas -calificadas como austericidio-, desde el Movimiento 15-M hasta el de Occupy Wall Street en el corazón financiero de Nueva York, los gobiernos europeos decidieron mantenerla.&#xd;
La inicial crisis financiera se asentó en una ingente deuda privada, en la espiral especulativa debida a la desregulación de la banca de inversión en EE.UU., y en la ambición de alcanzar rápidas ganancias. La mutua desconfianza de los bancos privados en los mercados interbancarios agravó el problema de liquidez, hasta transformarlo en uno de insolvencia para numerosas entidades. Siendo unos amplios programas de rescate público del sector financiero la respuesta de los gobiernos, penalizando así a los contribuyentes porque, dada la limitación de los recursos presupuestarios, la asignación destinada a tal fin se hizo a costa del recorte en el gasto social.&#xd;
La banca privada no otorgó crédito a empresas y familias a pesar de la ayuda, lo que facilitó la posterior crisis económica, alimentada por las políticas fiscales restrictivas que evitaron un crecimiento intensivo en empleo. Los resultados fueron un paro masivo que castigó más a los jóvenes, prolongando el período de desempleo; lo que, unido a la devaluación salarial, llevó a muchos trabajadores a la pobreza. Ello fundamentó el empobrecimiento visto en España y otros países de la eurozona tras la Gran Recesión, al ampliarse el tamaño de las clases populares. Pero las élites económicas continuaron con su ardua labor de seguir acumulando riqueza, ampliando así la brecha de desigualdad distributiva.</subfield>
   </datafield>
   <datafield ind1="8" ind2=" " tag="024">
      <subfield code="a">ROLDÁN BÁEZ, ANTONIO M.: Fiscalidad y crisis económica-financiera: un análisis de las políticas de austeridad frente a la Gran Recesión, Murcia : Laborum, 2023.</subfield>
   </datafield>
   <datafield ind1="8" ind2=" " tag="024">
      <subfield code="a">978-84-19145-48-2</subfield>
   </datafield>
   <datafield ind1="8" ind2=" " tag="024">
      <subfield code="a">https://hdl.handle.net/10630/35392</subfield>
   </datafield>
   <datafield tag="653" ind2=" " ind1=" ">
      <subfield code="a">Países de la Unión Europea - Política económica</subfield>
   </datafield>
   <datafield tag="653" ind2=" " ind1=" ">
      <subfield code="a">Crisis económicas - S. XXI</subfield>
   </datafield>
   <datafield ind2="0" ind1="0" tag="245">
      <subfield code="a">Fiscalidad y crisis económica-financiera: un análisis de las políticas de austeridad frente a la Gran Recesión.</subfield>
   </datafield>
</record>
</metadata></record></GetRecord></OAI-PMH>